| 000 | 00709nam a2200205 4500 | ||
|---|---|---|---|
| 001 | 121593 | ||
| 003 | ES-MaACL | ||
| 005 | 20230906191800.0 | ||
| 007 | t| | ||
| 008 | 070214s1982 sp r ||||1| spa d | ||
| 100 | 1 |
_aPorres Martín-Cleto, Julio. _993165 |
|
| 245 | 1 | 0 |
_aToledo _b: puerto de Castilla / _cJulio Porres Martín-Cleto. |
| 260 |
_aToledo : _bInstituto Provincial de Investigaciones y Estudios Toledanos, _c1982. |
||
| 300 |
_a39 p. : _bil. ; _c21 cm. |
||
| 490 | 1 |
_aTemas toledanos ; _v25 |
|
| 710 | 2 |
_aInstituto Provincial de Investigaciones y Estudios Toledanos. _95217 |
|
| 830 | 0 |
_aTemas toledanos ; _v25 _9181269 |
|
| 852 |
_aES-MaACL _j2134-F-10 _bR.106561 |
||
| 999 |
_c121593 _d121593 |
||